000 00692nam a22001937a 4500
005 20251108165435.0
008 250721s1972 xx 000 0 ara d
082 1 4 _aم/016.8119/ميخ
100 1 _aعواد، ميخائيل
245 1 0 _aالشعر العربي منذ مطلع 1971-لغاية اذار 1972 /
264 1 _aبغداد :
_bوزارة الاعلام - الهيئة العليا لمهرجان المربد الشعري،
_c1972.
300 _a45ص
650 1 7 _aالشعر العربي
650 1 7 _aالببليوغرافيات
700 1 _aالكبيسي، طراد
700 1 _aالبصري، عبد الجبار داود
942 _2ddc
_cREF
999 _c27991
_d27991